Rocky Balboa Opponents Quiz Stats

 Plays Quiz Updated Jul 16, 2019

Score 0/13 Timer 02:00
1 Play Today
Movie Fighter % Correct
Rocky IApollo Creed
96.8%
Rocky IIApollo Creed
96.8%
Rocky IVIvan Drago
82.3%
Rocky IIIJames 'Clubber' Lang
75.3%
Rocky IIIJames 'Clubber' Lang
75.3%
Rocky VTommy Gunn
58%
Rocky ISpider Rico
34.6%
Rocky BalboaMason Dixon
34.3%
Rocky IIIThunderlips
33.2%
Rocky IIIBig Yank Ball
3.4%
Rocky IIIJoe Czak
2.3%
Rocky IIIVito Soto
1.2%
Rocky IIITrevor Faus
1.1%

You're not logged in!

Compare scores with friends on all Sporcle quizzes.
OR
Log In

Sporcle TV

Today on Sporcle TV


Watch our educational content, quiz creation guides, and fun videos on Sporcle TV.

Show Comments

Extras

Top Quizzes Today


Score Distribution

Your Account Isn't Verified!

In order to create a playlist on Sporcle, you need to verify the email address you used during registration. Go to your Sporcle Settings to finish the process.

Report this User

Report this user for behavior that violates our Community Guidelines.

Details: